| 000 | 02971nam0a2200373 4500 | ||
|---|---|---|---|
| 001 | RU\NLR\BIBL_A\011932745 | ||
| 005 | 20190222160309.0 | ||
| 010 |
_a978-5-91718-560-6 _9130 |
||
| 021 |
_aRU _bКН-П-18-101084 _9КН-П-18-7329 |
||
| 035 | _a(NLR Aleph) 011932745 | ||
| 035 | _a(RuMoRGB)009849881 | ||
| 090 |
_a11046820 _c11046820 |
||
| 100 | _a20190208d2018 k y0rusy50 ca | ||
| 101 | 0 | _arus | |
| 102 | _aRU | ||
| 105 | _aa|||z|||100zy | ||
| 200 | 1 |
_aВекторы образования: от традиций к инновациям _eматериалы V Всероссийской научно-практической конференции, 26-27 сентября 2018 года _fМинистерство образования и науки Российской Федерации, Федеральное государственное бюджетное образовательное учреждение высшего образования "Московский педагогический государственный университет" (МПГУ), Анапский филиал Федерального государственного бюджетного образовательного учреждения высшего образования "Московский педагогический государственный университет" (Анапский филиал МПГУ), Кафедра психолого-педагогического образования _g[редакционная коллегия: Сироштаненко Т.Г., к.психол.н., доц., ответственный редактор, Олешко С.Н., к.т.н., доц.] |
|
| 210 |
_aАнапа _aКраснодар _cИздательский Дом - Юг _d2018 |
||
| 215 |
_a316 с. _cил., табл. _d20 |
||
| 320 | _aБиблиогр. в конце ст. | ||
| 606 | 1 |
_aОбразование _yРоссийская Федерация _jСъезды, совещания и т.п _2nlr_sh2 _3RU\NLR\AUTH\661375304 |
|
| 610 | 0 | _aобразование | |
| 610 | 0 | _aобучение | |
| 610 | 0 | _aпедагогика | |
| 686 | 1 | _aЧ34(2Р)я431 | |
| 702 | 1 |
_aСироштаненко _bТ. Г. _4340 |
|
| 711 | 1 | 2 |
_a"Векторы образования: от традиций к инновациям", всероссийская научно-практическая конференция _d5 _f2018 _eАнапа _3RU\NLR\AUTH\880494932 |
| 712 | 0 | 2 |
_aМосковский педагогический государственный университет _bАнапский филиал _bКафедра психолого-педагогического образования _3RU\NLR\AUTH\880494938 _4570 |
| 942 | _cBOOK | ||
| 980 | _aNBR | ||
| 980 | _aNB | ||